|
|
|
|
| LEADER |
02482pam a22004817a 4500 |
| 001 |
AALVitalSourceebook000002 |
| 003 |
BD-DhAAL |
| 005 |
20230920163015.0 |
| 006 |
m||||||||d|||||||| |
| 007 |
cr ||||||||||| |
| 008 |
220117t2017 nyu ob 001 0 eng |
| 010 |
|
|
|a 2017018798
|
| 020 |
|
|
|a 9781315529257 (ebk)
|
| 020 |
|
|
|z 9781138693845 (hardback : alk. paper)
|
| 040 |
|
|
|a DLC
|b eng
|e rda
|c DLC
|d DLC
|d BD-DhAAL
|
| 042 |
|
|
|a pcc
|
| 050 |
0 |
0 |
|a LC1090
|
| 082 |
0 |
0 |
|a 378.0162
|2 23
|
| 245 |
0 |
0 |
|a Intercultural competence in higher education
|h [electronic resource] :
|b international approaches, assessment and application /
|c edited by Darla K. Deardorff and Lily A. Arasaratnam-Smith.
|
| 250 |
|
|
|a First edition.
|
| 264 |
|
1 |
|a New York :
|b Routledge,
|c 2017.
|
| 300 |
|
|
|a 1 online resource.
|
| 500 |
|
|
|a <strong>Off-Campus Access:</strong> User ID and Password Required
|
| 500 |
|
|
|a <strong>On-Campus Access:</strong> User ID or Password Required
|
| 500 |
|
|
|a Access type: Perpetual access
|
| 504 |
|
|
|a Includes bibliographical references and index.
|
| 505 |
2 |
|
|a Part 1. Introduction to intercultural competence -- Part 2. Development and assessment of intercultural competence -- Part 3. Application of intercultural competence: Introduction to case studies: 29 case studies from around the world.
|
| 526 |
|
|
|a ENH
|x M. Mahmudul Haque
Assistant Professor
|
| 538 |
|
|
|a Mode of access: Internet
|
| 541 |
|
|
|a VitalSource Task Force Research Grant
|h USD 58.95
|
| 650 |
|
0 |
|a International education.
|9 45063
|
| 650 |
|
0 |
|a Internationalism
|x Study and teaching (Higher)
|9 45064
|
| 650 |
|
0 |
|a Intercultural communication
|x Study and teaching.
|9 45065
|
| 650 |
|
0 |
|a Cultural competence.
|9 45066
|
| 650 |
|
0 |
|a Education.
|9 45070
|
| 655 |
|
|
|a Electronic books.
|9 45067
|
| 700 |
1 |
|
|a Deardorff, Darla K.,
|e editor
|9 45068
|
| 700 |
1 |
|
|a Arasaratnam-Smith, Lily A.,
|e editor.
|9 45069
|
| 852 |
|
|
|a Ayesha Abed Library
|
| 856 |
|
|
|z Full text available on VitalSource
|u https://www.vitalsource.com/products/intercultural-competence-in-higher-education-darla-k-deardorff-v9781315529233?term=9781315529257
|
| 942 |
|
|
|2 ddc
|c EBK
|
| 999 |
|
|
|c 43443
|d 43443
|
| 952 |
|
|
|0 0
|1 0
|2 ddc
|4 0
|6 378_016200000000000_INT
|7 0
|9 69709
|a BRACUL
|b BRACUL
|d 2022-01-17
|e VitalSource Task Force Research Grant
|g 5083.70
|l 0
|o 378.0162 INT
|r 2022-01-17
|t 1
|w 2022-01-17
|y EBK
|x As discussed with Acquisition team, according to invoice date (11.01.2022) of the ebook, converted USD $58.95. to BDT 5083.70
|